Προσανατολισμοί στο Αιγαίο : φωτογραφική ποιητική : φωτογραφική προσέγγιση στο ποιητικό έργο του Οδυσσέα Ελύτη "Προσανατολισμοί"

Αποθηκεύτηκε σε:
Λεπτομέρειες βιβλιογραφικής εγγραφής
Άλλοι συγγραφείς: Ταλιάνης, Δημήτρης, 1948- (Φωτογράφος)
Μορφή: Βιβλίο
Γλώσσα:Greek
English
Δημοσίευση: Αθήνα : [χ. ό.], 1991.
Έκδοση:2η έκδ.
Θέματα:
Ετικέτες: Προσθήκη ετικέτας
Δεν υπάρχουν, Καταχωρήστε ετικέτα πρώτοι!

MARC

LEADER 00000cam a2200000 i 4500
001 1/75421
008 960517s1991 gr | ||| |||| ||gre||
020 |a 9608510112 
035 |a 1991  |b 2  |c Δωρεά  |l 10032120 
040 |a GR-MyUa  |b gre  |e AACR2 
041 0 |a gre  |a eng 
082 7 |a 779.98891   |2 (21)  
082 7 |a 779   |2 (23)  
100 1 |a Ταλιάνης, Δημήτρης,   |d 1948-  |e pht 
245 1 0 |a Προσανατολισμοί στο Αιγαίο :   |b φωτογραφική ποιητική : φωτογραφική προσέγγιση στο ποιητικό έργο του Οδυσσέα Ελύτη "Προσανατολισμοί" /   |c Δημήτρη Ταλιάνη ; κείμενο Λίνα Λυχναρά ; μετάφραση Κίμων Φράιερ.  
246 1 |i Πρόσθετη σελίδα τίτλου:   |a Orientations to the Aegean :   |b photographic poetics : a photographic approach to Odysseus Elitis's book of poetry "Orientations" 
250 |a 2η έκδ. 
260 |a Αθήνα :   |b [χ. ό.],   |c 1991.  
300 |a 142 σ. :   |b εικ. ;   |c 29 εκ.  
600 1 7 |2 nlgaf  |a Ελύτης, Οδυσσέας,   |d 1911-1996.   |t Προσανατολισμοί  |v Illustrations. 
650 0 |a Photography, Artistic. 
651 0 |a Aegean Sea  |v Pictorial works. 
852 |a INST  |b RHODES  |e 19960517  |h 779.98891 ΤΑΛ  |p 005400002822  |q 005400002822  |t BK  |y 0 
852 |a INST  |b SYROS  |e 20011114  |h 779 ΤΑΛ  |p 005500000726  |q 005500000726  |t BK  |y 0 
901 |a BIBL5-2001-3 
922 |a 5ΕΛΗ  |b 200111  |c Βιβλιοθήκη Σύρου  |d Σταθόπουλος 
950 |a 188-2001-11-06